Letters of the Alphabet - One Minute Sprint - Statistics

General Stats
  • This quiz has been taken 1,701 times
    1,668 since last reset
  • The average score is 11 of 26
Answer Stats
* * * * * * * * * * * * * * * * * * * * * * * * * * * * % Correct
A
99%
AB
72%
ABC
70%
ABCD
68%
ABCDE
68%
ABCDEF
67%
ABCDEFG
65%
ABCDEFGH
64%
ABCDEFGHI
63%
ABCDEFGHIJ
61%
ABCDEFGHIJK
60%
ABCDEFGHIJKL
57%
ABCDEFGHIJKLM
53%
ABCDEFGHIJKLMN
50%
ABCDEFGHIJKLMNO
43%
ABCDEFGHIJKLMNOP
36%
ABCDEFGHIJKLMNOPQ
27%
ABCDEFGHIJKLMNOPQR
20%
ABCDEFGHIJKLMNOPQRS
12%
ABCDEFGHIJKLMNOPQRST
7%
ABCDEFGHIJKLMNOPQRSTU
5%
ABCDEFGHIJKLMNOPQRSTUV
3%
ABCDEFGHIJKLMNOPQRSTUVW
2%
ABCDEFGHIJKLMNOPQRSTUVWX
1%
ABCDEFGHIJKLMNOPQRSTUVWXY
1%
ABCDEFGHIJKLMNOPQRSTUVWXYZ
1%
No matching quizzes found
Score Distribution
Percent of People with Each Score
Percentile by Number Answered
Your Score History
You have not taken this quiz since the last reset